=LDR 00000nam 2200000 4500 =001 INLIS000000000029004 =005 20130612131253 =008 ***********************************Ind** =035 ##$$0010-061300000029004 =041 ##$$a Ind =082 ##$$a 613.2 =090 ##$$a 613.2, Gra e =100 ##$$a Graimes, Nicola =245 ##$$a 67 resep masakan super untuk otak anak, Nicola Graimes =260 ##$$a 2008 $b Jogjakarta =300 ##$$a x, 175 hlm, ilus, 22 cm =650 ##$$a Resep Masakan =850 ##$$a NBPNMAT =990 ##$$a 83168316 =990 ##$$a 01201808316